| 000 | 00394nam a2200157Ia 4500 | ||
|---|---|---|---|
| 008 | 230917s9999||||xx |||||||||||||| ||und|| | ||
| 040 |
_e120109 _aMAIN |
||
| 041 | _aEnglish | ||
| 082 | _a658.3 M426H | ||
| 100 | _aMathis, Robert L. | ||
| 245 | 0 | _aHuman resource management | |
| 250 | _a10th. ed. | ||
| 260 |
_aAustralia _bThomson South - Western _c2003 |
||
| 300 | _a650p. p. | ||
| 942 | _cBK | ||
| 999 |
_c139640 _d139640 |
||